000 00603nam a2200193Ia 4500
005 20250508151929.0
008 008 250505s9999 xx 000 0 eng d
037 _aTextual
040 _aFEDL
_beng
_cFEDL
041 _aeng
_2eng
084 _a155.4, SHI
_qFEDL
100 _aShields Robert W.
_9760400
245 0 _aChild's first five years : A commonsense guide to the understanding of your child's thoughts and actions
260 _aLondon, UK
_bOdhams Press Limited
300 _a127p.
650 _aChild Psychology
942 _cTEXL
_h155.4, SHI
999 _c1333043
_d1333043